| 000 | 00766nam a2200205 i 4500 | ||
|---|---|---|---|
| 001 | 181952 | ||
| 003 | ES-MaACL | ||
| 005 | 20231020120649.0 | ||
| 008 | 130509s1988 cl | |||| ||spa d | ||
| 080 | _a929 Alsina, Juan | ||
| 100 | 1 |
_aBoero, Mario. _9141908 |
|
| 245 | 1 | 4 |
_aEl "último escrito" de Joan Alsina _b: un testimonio cristiano de liberación / _cMario Boero. |
| 260 |
_aSantiago (Chile) : _bNuestra América Ediciones, _c1988. |
||
| 300 |
_a146 p. ; _c17 cm. |
||
| 600 | 1 | 4 |
_aAlsina i Hurtós, Joan ( _d1942-1973) _9152758 |
| 852 |
_aES-MaACL _jN-5652 _zDedicatoria autógrafa del autor _9188861 _bR.148783 _cDEPO1 _dOlim: N-5652 _tDonación: Mario Boero |
||
| 903 |
_9141908 _aBoero, Mario _ednr |
||
| 942 |
_2udc _cMONOGRAFIA |
||
| 999 |
_c181952 _d181952 |
||